<?xml version="1.0" encoding="UTF-8"?>
<marc:record xmlns:marc="http://www.loc.gov/MARC21/slim">
   <marc:leader>00000nam a2200000 a 4500</marc:leader>
   <marc:datafield ind1="1" ind2=" " tag="100">
      <marc:subfield code="a">Grimm, Rüdiger</marc:subfield>
   </marc:datafield>
   <marc:datafield ind1=" " ind2=" " tag="653">
      <marc:subfield code="a">155 $f Aufsatzsammlung</marc:subfield>
   </marc:datafield>
   <marc:datafield ind1=" " ind2=" " tag="653">
      <marc:subfield code="a">Sonderpädagogik &gt; Methoden</marc:subfield>
   </marc:datafield>
   <marc:datafield ind1=" " ind2=" " tag="653">
      <marc:subfield code="a">155 $f Lehrbuch</marc:subfield>
   </marc:datafield>
   <marc:datafield ind1=" " ind2=" " tag="653">
      <marc:subfield code="a">Method. Ansatz, Anthroposophischer </marc:subfield>
   </marc:datafield>
   <marc:datafield ind1=" " ind2=" " tag="653">
      <marc:subfield code="a">150 $s Ethik : Gesellschaft</marc:subfield>
   </marc:datafield>
   <marc:datafield ind1=" " ind2=" " tag="653">
      <marc:subfield code="a">150 $s Konferenz ; Kongress ; Symbosium ; Tagung </marc:subfield>
   </marc:datafield>
   <marc:datafield ind1="0" ind2="0" tag="245">
      <marc:subfield code="a">Heilen und Erziehen</marc:subfield>
   </marc:datafield>
   <marc:datafield ind1="0" ind2="0" tag="245">
      <marc:subfield code="b">Sonderpädagogik und anthroposophische Heilpädagogik im Gespräch</marc:subfield>
   </marc:datafield>
   <marc:datafield ind1="0" ind2="0" tag="245">
      <marc:subfield code="c">Rüdiger Grimm</marc:subfield>
   </marc:datafield>
   <marc:datafield ind1=" " ind2="1" tag="264">
      <marc:subfield code="a">Luzern</marc:subfield>
      <marc:subfield code="b">Ed. SZH/SPC</marc:subfield>
      <marc:subfield code="c">1998</marc:subfield>
   </marc:datafield>
   <marc:datafield ind1="1" ind2=" " tag="490">
      <marc:subfield code="a">Dornacher Reihe der Konferenz für Heilpädagogik und Sozialtherapie</marc:subfield>
      <marc:subfield code="v">1</marc:subfield>
   </marc:datafield>
   <marc:datafield ind1=" " ind2=" " tag="250">
      <marc:subfield code="a">1. Auflage</marc:subfield>
   </marc:datafield>
   <marc:datafield ind1="1" ind2=" " tag="520">
      <marc:subfield code="a">Unter den Stichworten Heilen und Erziehen spüren verschiedene Autorinnen und Autoren einem von manchen vergessenen und von anderen vorschnell als überkommen angesehenen Zusammenhang nach. Wie kann durch das Zusammenwirken von Heilpädagogik und Medizin die Bildung, Erziehung und Behandlung von Kindern mit Behinderungen fruchtbarer gestaltet werden? &lt;br/&gt;Welche Chancen der Zusammenarbeit bieten sich Pädagogik und Medizinern, wenn sie den Dialog miteinander führen? &lt;br/&gt;Die Beiträge dieses Buches sind ursprünglich als Referate eines Symposiums gehalten worden, welches Vertreter von Medizin, akademischer Sonder- und Heilpädagogik und anthroposophischer Heilpädagogik zu einem Gespräch zusammengeführt hatte.</marc:subfield>
   </marc:datafield>
   <marc:datafield ind1=" " ind2=" " tag="020">
      <marc:subfield code="a">9783908263715</marc:subfield>
      <marc:subfield code="9">9783908263715</marc:subfield>
   </marc:datafield>
   <marc:datafield ind1=" " ind2=" " tag="041">
      <marc:subfield code="a">ger</marc:subfield>
   </marc:datafield>
   <marc:datafield ind1=" " ind2=" " tag="500">
      <marc:subfield code="a">Literaturangaben</marc:subfield>
   </marc:datafield>
   <marc:datafield ind1="1" ind2=" " tag="521">
      <marc:subfield code="a">16</marc:subfield>
   </marc:datafield>
   <marc:datafield ind1=" " ind2=" " tag="300">
      <marc:subfield code="a">108 S.</marc:subfield>
   </marc:datafield>
</marc:record>
